LEADER 01030nam a2200229 i 4500 001 000000226237 003 CaOOAMICUS 005 20140115000000.0 008 140115s2005 it u000 u ita u 013 $a205139 040 $aSeMil$bita 100 1 $aRadaelli, Adriano.$0(OLS)http://semarc/name/78505 245 13$aIl Seveso racconta :$bstorie della brughiera /$cAdriano Radaelli e Fortunato Zinni. 260 $aBresso :$bEd. patrocinata dal Circolo culturale Guernica,$c2005. 300 $a287 p. :$bill. ;$c24 cm. 650 4$aSeveso .$0(OLS)http://semarc/subject/41090 700 1 $aZinni, Fortunato.$0(OLS)http://semarc/name/78506 850 $aSeMil 852 $aSeMil$W1$xVenegono$y1$m3P III 362$j176583$B176583$CSeMilBibl$Z2$F187629 $81 961 $aOmaggio: Grampa dott. Cesare 996 $6245$aIl Seveso racconta :$bstorie della brughiera$9(OLS)http://semarc/title/323926 996 $6260$aBresso :$bEd. patrocinata dal Circolo culturale Guernica$9(OLS)http://semarc/publisher/53471 LEADER 01036nam a2200229 i 4500 001 000000058948 003 CaOOAMICUS 005 20121127000000.0 008 121127s1911 xx u000 u lat u 013 $a30120 040 $aSeMil$bita 100 1 $aSalsmans, Joseph,$c.$0(OLS)http://semarc/name/7325 245 10$aTractatus de sponsalibus et Matrimonio ad usum alumnorum Seminarii Archiepiscopalis Mechliniensis /$c[I. Salsmans]. 250 $aEditio sexta ad recentiora S. Sedis Decreta accommodata. 260 $aMechliniae :$bH. Dessain,$c1911. 300 $a457 p. ;$c23 cm. 500 $aContiene : Appendix. 650 4$aMatrimonio - Teologia.$0(OLS)http://semarc/subject/2198 850 $aSeMil 852 $aSeMil$W1$xVenegono$y1$m2J III 70$j25101$B25101$CSeMilBibl$Z2$F25104 $81 996 $6245$aTractatus de sponsalibus et Matrimonio ad usum alumnorum Seminarii Archiepiscopalis Mechliniensis$9(OLS)http://semarc/title/92000 996 $6260$aMechliniae :$bH. Dessain$9(OLS)http://semarc/publisher/31190